Social Relevance of Philosophy (Record no. 15472)

MARC details
000 -LEADER
fixed length control field 00595nam a2200229 a 4500
020 ## - INTERNATIONAL STANDARD BOOK NUMBER
ISBN 8124602042
082 00 - DEWEY DECIMAL CLASSIFICATION NUMBER
Classification number 180
Author Cutter VIC
100 ## - MAIN ENTRY--AUTHOR NAME
Author name Victor, P George
245 ## - TITLE STATEMENT
Title Social Relevance of Philosophy
Sub title Essays on Applied Philosophy
260 ## - PUBLICATION, DISTRIBUTION, ETC. (IMPRINT)
Place of publication New Delhi
Name of publisher Dk Printworld
Year of publication 2002
300 ## - PHYSICAL DESCRIPTION
Number of Pages 195p
500 ## - GENERAL NOTE
General note includes index and biblioraphy
650 ## - SUBJECT ADDED ENTRY--TOPICAL TERM
Topical Term Philosophy
942 ## - ADDED ENTRY ELEMENTS (KOHA)
Koha item type Books
700 1# -
-- Victor, P George
Holdings
Collection code Home library Current library Date acquired Cost, normal purchase price Full call number Accession Number Koha item type
  Henry Martyn Institute Library Henry Martyn Institute Library 04/12/2007 330.00 180 VIC 021642 Books
                   Copyright © 2026 | Henry Martyn Institute | Hyderabad | TS-500052 | INDIA | Implemented by hmi.edu.in
Hit-Count:

Powered by Koha